| 000 | 03323nam a2200265Ia 4500 | ||
|---|---|---|---|
| 003 | CO-CtgCURN | ||
| 005 | 20251016223353.0 | ||
| 008 | 190725s2001 xx 000 0 und d | ||
| 020 | _a9506792836 | ||
| 040 |
_aCO-CtgCURN _bspa _ccoctgcurn |
||
| 082 |
_a613 _bN279v |
||
| 100 |
_aNató, Alejandro _eautor |
||
| 245 | 0 |
_aLas víctimas de las drogas : _bDrogodependencia - HIV-SIDA. Tratamiento de la drogadicción. Prevención: familia, escuela, trabajo. Sistema jurídico nacional. Enfoque Internacional. El flagelo del narcotráfico / _cAlejandro Nató; Gabriela Rodríguez Querejaz |
|
| 260 |
_aBuenos Aires, Argentina : _bEditorial Universidad, _c2001 |
||
| 300 |
_a158 páginas ; _c23 centímetros |
||
| 500 | _aIncluye introducción e índice | ||
| 504 | _aIncluye referencias bibliográficas (p. [157]-158) | ||
| 505 | _aCap. I. Las drogas siempre existieron: ¿por qué ahora son un problema? -- La historia -- Historia de la drogadicción -- Los grupos se dividen -- La drogadicción se convirtió en un fenómeno de masas -- Drogodependencia -- Cap. II. Clasificación -- Drogas legales -- Drogas ilegales -- Cap. III. Drogodependencia -- Factores de riesgo de carácter personal -- Factores de riesgo de carácter familiar -- Factores de riesgo de carácter comunitario -- Factores de riesgo de carácter social -- Cap. IV. HIV-Sida -- ¿Que es el Sida? -- ¿Cual es la causa? -- ¿Donde esta el virus? -- ¿Cuales son las condiciones para su transmisión? -- ¿Que pasa cuando el HIV penetra en el organismo? -- ¿Como se puede diagnosticar la infección por el HIV? -- Prevenciones básicas -- Profilaxis esencial -- Tratamiento del Sida -- Cap. V. Tratamiento de la drogadicción -- Introducción -- Modalidades de tratamiento -- Asistencia familiar -- Cap. VI. Prevención -- Concepto, objetivos, modalidades, niveles, modelos y estrategias -- Concepto y prevención -- Objetivos de la prevención -- Modalidades de la prevención -- Niveles de actuación en prevención -- Modelos de prevención de la drogodependencia -- Estrategias de prevención -- Cap. VII. Familia y prevención de la drogodependencia -- ¿Aprender a ser padre? -- Cap. VIII. Prevención en la comunidad escolar -- Objetivo general de la prevención escolar -- Objetivos específicos de la prevención escolar -- La comunidad escolar como ámbito de prevención -- Recursos educativos -- Pedagogía de los valores -- Cap. IX. Prevención en el ámbito laboral -- Propuestas de actuación -- Factores de riesgo -- Cap. X. Sistema jurídico nacional -- Puntos fundamentales tratados en la ley de estupefacientes 23.737 -- Legislación sobre estupefacientes vigente en la Argentina -- Cap. XI. Enfoque internacional. Asignatura pendiente -- Sustancia precursoras -- Estimulantes de tipo anfetamínico (ETA) -- Cooperación judicial para promover la fiscalización de las drogas -- Blanqueo de capitales -- Reducción de la demanda de drogas -- Erradicación de cultivos ilícitos y desarrollo alternativo -- Cap. XII. El flagelo del narcotráfico. | ||
| 521 | _aAREA BASICA | ||
| 590 | _aTodos los programas académicos | ||
| 650 | _aAbuso de drogas | ||
| 700 |
_aRodríguez Querejazu, Gabriela _eautora |
||
| 942 |
_cBK _h613 _iN279v _2ddc _n0 |
||
| 999 |
_c30108 _d30108 |
||